New priorities in South Asia (Record no. 48288)
[ view plain ]
| 000 -LEADER | |
|---|---|
| fixed length control field | 01705nam a2200373Ia 4500 |
| 082 04 - DEWEY DECIMAL CLASSIFICATION NUMBER | |
| Classification number | 327.73054 |
| 245 00 - TITLE STATEMENT | |
| Title | New priorities in South Asia |
| 260 ## - PUBLICATION, DISTRIBUTION, ETC. (IMPRINT) | |
| Place of publication | New York : |
| Name of publisher | Council on Foreign Relations Press, |
| Year of publication | c2003. |
| 300 ## - PHYSICAL DESCRIPTION | |
| Number of Pages | ix, 105 p. |
| 500 ## - GENERAL NOTE | |
| General note | "Task force members": p. 102-103. |
| 650 #0 - SUBJECT ADDED ENTRY--TOPICAL TERM | |
| Topical Term | International relations. |
| 700 1# - ADDED ENTRY--PERSONAL NAME | |
| Personal name | Wisner, Frank |
| Personal name | Platt, Nicholas. |
| Personal name | Bouton, Marshall M., |
| Personal name | Kux, Dennis, |
| Personal name | Ispahani, Mahnaz Z. |
| 856 40 - ELECTRONIC LOCATION AND ACCESS | |
| Uniform Resource Identifier | http://site.ebrary.com/lib/rucke/Doc?id=10064797 |
No items available.
